"Ústavný súd precuje nestranne"

Bibliographic Details
Main Authors: Mihálik, Miroslav (ain), Mazák, Ján, 1954- (Author, uin)
Format: Article
Language:Slovak
PhysicalDescription:Fotogr.
ISSN:1335-2776
Subjects:

MARC

LEADER 00000nab a2200000 a 4500
001 vtls000821534
003 SK-MaSNL
005 20260302163918.0
008 160322c2001 xo 0 slo
015 |a SNBRB2003/01-01642 
035 |a CLN000173189 
040 |a SNKBUCL  |b slo  |c SNKBUCL  |e AACR2 
041 0 |a slo 
044 |a xo  |c SK 
080 |a 34-051  |2 UDC-MRF-SK2 
080 |a 929 Mazák, Ján  |2 UDC-MRF-SK2 
100 1 |a Mihálik, Miroslav  |4 ain  |9 447988 
245 1 0 |a "Ústavný súd precuje nestranne"  |c Miroslav Mihálik, Ján Mazák 
300 |b Fotogr. 
600 1 7 |a Mazák, Ján,  |d 1954-  |2 snkbucl  |9 109435 
655 7 |a články z novín a časopisov  |2 snkbucl  |9 267496 
700 1 |a Mazák, Ján,  |d 1954-  |4 aut  |4 uin  |9 109435 
773 0 |x 1335-2776  |t Markíza  |g Roč. 4, č. 44 (2001), s. 40-41 
850 |a Slovenská národná knižnica v Martine 
852 |a SNK  |b KIS3GCP 
958 |a SK 
958 |a BX 
958 |a RBX 
999 |c 1385021  |d 1386951